Dodgeball: A True Underdog Story Quiz - Statistics

General Stats
  • This quiz has been taken 5 times
  • The average score is 20 of 30
Answer Stats
Hint Answer % Correct
How much money is needed to save Average Joe's from selling out? $50000
100%
Who on the committee casts the deciding vote for the championship round to be played? Chuck Norris
100%
Third D of Dodgeball Dip
100%
Fourth D of Dodgeball Dive
100%
First/fifth 5 D of Dodgeball: Dodge
100%
Other than traffic, if you can dodge this you can dodge a ball Wrench
100%
After Peter takes White's bribe and bets on Joe's winning, he won this much money: $5000000
80%
According to the movie, Dodgeball was invented here China
80%
Second D of Dodgeball: Duck
80%
This person's cousin Ray-Ray also fell off a roller coaster Dwight
80%
Famous athlete who inspired Peter to go back to the tournament and play the Championship Lance Armstrong
80%
What is Kate Veach's occupation? Lawyer
80%
The owner of Average Joe's Gym Peter Lafleur
80%
What is White pleasuring himself with when Me'shelle walks in? Pizza
80%
Who acts like a pirate and misses the Championship round? Steve
80%
What song do the Purple Cobras use as a theme? We Will Rock You
80%
"It's a (fill in quote) Cotton, lets see if it pays off for em" Bold strategy
60%
How does patches die? Crushed
60%
Who eliminates nearly a whole team by himself? Gordon
60%
What song plays during the car wash scene? Milkshake
60%
What is Kate obsessed with? Unicorns
60%
The owner of Globo Gym White Goodman
60%
Who plays the Dodgeball Chancellor? William Shatner
40%
Cotton says the tournament is "greater the World Series, World Cup," and what combined? World War II
40%
What did White step on to cause sudden death elimination? Centerline
20%
Why can't Derek go to the cheerleading finals, making Justin take his spot? Fell off roller coaster
20%
The name of Kate's girlfriend is Joyce
20%
Who finds Fran attractive? Owen
20%
7 time ADAA Allstar and Average Joe's coach: Patches O'Houlihan
20%
Whose blood does White make nobody bleed? White's
20%
No matching quizzes found
Score Distribution
Percent of People with Each Score
Percentile by Number Answered
Your Score History
You have not taken this quiz